| 000 | 00382nam a2200157Ia 4500 | ||
|---|---|---|---|
| 008 | 241014s9999||||xx |||||||||||||| ||und|| | ||
| 020 | _a978-0470-53025-2 | ||
| 060 | _aQD 79.4 M 2005 | ||
| 100 | _aJames M. Miller | ||
| 245 | 0 | _aChromatography: Concepts and Contrasts. | |
| 250 | _a2nd | ||
| 260 |
_bJohn Wiley _c2005 |
||
| 300 | _a490 | ||
| 650 | _aChemistry | ||
| 942 |
_bDIMC _cBK |
||
| 999 |
_c8456 _d8456 |
||